Programas de desarrollo tras el cambio del sistema internacional /

Gardado en:
Detalles Bibliográficos
Autor Principal: Fabre, Jean
Formato: Texto
Materias:
Etiquetas: Engadir etiqueta
Sen Etiquetas, Sexa o primeiro en etiquetar este rexistro!

MARC

LEADER 00000 a a2200000 04500
001 18658
003
040
100 |a Fabre, Jean  
245 |a Programas de desarrollo tras el cambio del sistema internacional /  |c Jean Fabre 
650 |a DESARROLLO HUMANO  
650 |a DEPENDENCIA ECONOMICA  
650 |a DETERIORO AMBIENTAL  
773 |g número 31; páginas 5-11  
999 |c 35075  |d 35075